00993nam a2200229Ia 4500003000900000008004100009020001800050040001600068080002500084111009100109245025000200260007200450300001500522490003700537650001100574650001400585650002400599700003400623700002400657700002200681710006000703IN-BaIIA211028s9999 xx 000 0 eng d a0-8194-3014-5 cIIA Library a535(082.1)bSPI-3553 aSociety of Photo-Optical Instrumentation Engineers ConferencecChinad1998 Sept. 18-19 0aDetectors, focal plane arrays, and imaging devices IIbproceedings of the SPIE conference held in Beijing, China,18-19 September 1998cedited by Pingzhi Liang, Marc Wigdor and William G. D. Frederick  aWashingtonbThe International Society for Optical Engineeringc1998 avii, 304p. aSPIE proceedings series; v. 3553 aArrays aDetectors aImaging instruments aFrederick, William G. D., ed. aLiang, Pingzhi, ed. aWigdor, Marc, ed. aThe International Society for Optical Engineering